000 00872nam a22002657a 4500
001 4098
003 FISKH
005 20241022092714.0
008 240606b cb ||||| |||| 00| 0 eng d
020 _a076714004993
040 _aFISKH
_beng
_cFISKH
_dFISKH
050 _aPZ7.N24
082 _a813.54
100 _aNaylor Reynolds Phyllis
_d1933-
245 _aSaving shiloh /
_cPhyllis Reynolds Naylor
260 _aNew York :
_bAladdin Paperbacks,
_c1999
300 _a137 pages :
_c20 cm
505 _aZ
520 _aSixth-grader Marty and his family try to help their rough neighbor, Judd Travers, change his mean ways, even though their West Virginia community continues to expect the worst of him.
521 8 _a1020
_bLexile
521 8 _aZ
_bRaz-Plus
700 _aPhyllis Reynolds Naylor
942 _2ddc
_cBK
_n0
999 _c4098
_d4098